Aprendiendo a comunicar : relaciones entre calidad comunicativa y habla privada /

En este trabajo se estudian los vínculos entre calidad comunicativa y habla privada en una situación comunicativa referencial espacial. La calidad comunicativa se analiza en base a los mensajes enunciados. El habla privada se analiza al modo vygotskiano como habla cuyo rol cognitivo permite la autor...

Full description

Bibliographic Details
Main Author: San Martín, Conchi
Format: Analitica de revista
Language:Spanish
Published: España Edisa 2012
Subjects:

MARC

LEADER 00000cab a2200000 a 4500
001 034741
003 UAHC_CL
005 20180801183910.0
008 101109b2010 sp 1100 spa
952 |0 0  |1 0  |2 ddc  |4 0  |6 INFANC___APRENDIZAJE3503_12_000000000000000  |7 0  |8 COMP  |9 66086  |a BC  |b BC  |c General  |d 2017-08-03  |l 0  |o INFANC. APRENDIZAJE-35(03)/12  |r 2018-01-23 00:00:00  |w 2017-08-03  |y REVA 
999 |c 34741  |d 34741 
040 |a UAHC_CL  |c UAHC_CL  |d UAHC_CL 
100 1 |a San Martín, Conchi 
245 1 0 |a Aprendiendo a comunicar :  |b relaciones entre calidad comunicativa y habla privada /  |c Conchi San Martín. 
260 |a España  |b Edisa  |c 2012 
300 |a p. 299-311 
500 |a Infancia y aprendizaje. (España) 2012, vol. 35 (3). pp. 299-311. ISSN: 0210-3702. 
520 |a En este trabajo se estudian los vínculos entre calidad comunicativa y habla privada en una situación comunicativa referencial espacial. La calidad comunicativa se analiza en base a los mensajes enunciados. El habla privada se analiza al modo vygotskiano como habla cuyo rol cognitivo permite la autorregulación de una tarea. Se realiza un estudio longitudinal con 10 parejas de niñas y niños a los cuatro, seis y ocho años, y empleando una metodología observacional. A los cuatro años los mensajes tienen baja calidad y el habla privada fluctúa pudiéndose afirmar sólo parcialmente su rol cognitivo. A los seis y ocho años este rol cognitivo queda claramente perfilado: el habla privada aparece no sólo en relación a la dificultad del referente sino también en el intento de dominio de las relaciones espaciales. Como conclusión se apunta que la identificación del habla privada en función de la calidad de los mensajes permite hacer visibles los procesos de toma de conciencia sobre las necesidades informativas de la tarea y del interlocutor/a. 
600 1 4 |a VYGOTSKY, LEV SEMENOVICH  |d 1896-1934  |x CRITICA E INTERPRETACION 
650 4 |a DESARROLLO 
773 0 |t Infancia y aprendizaje : journal of study of education and development.  |w 034546 
900 |a INFANC. APRENDIZAJE-35(03)/12 
942 |c REVA  |2 ddc